000 00516nam a2200181Ia 4500
005 20250508151041.0
008 008 250505s9999 xx 000 0 eng d
037 _aTextual
040 _aFEDL
_beng
_cFEDL
041 _aeng
_2eng
084 _a371.895, HAR
_qFEDL
100 _aHartley Ruth E
_983706
245 0 _aUnderstanding children's play
260 _aNew York, USA
_b Columbia University Press
_c1952
300 _axvi,372p.
942 _cTEXL
_h371.895, HAR
999 _c1327276
_d1327276